MARC

LEADER 00000nam0a2200000 4500
001 71965
005 20231101212621.0
035 |a (RuTPU)RU\TPU\book\76705 
090 |a 71965 
100 |a 20041228d1982 m y0rusy50 ca 
101 0 |a rus 
102 |a RU 
105 |a ac z 000zb 
200 1 |a Стихотворения, баллады, повесть  |e Для старшего возраста  |f В. А. Жуковский 
210 |a Свердловск  |c Средне-Уральское кн. изд-во  |d 1982 
215 |a 270 с.  |c ил.  |e 1 л. портр. 
225 1 |a Родники поэзии 
600 1 |a Жуковский  |g Василий Андреевич  |c русский поэт  |c академик Петербургской АН  |f 1783-1852  |b В. А.  |2 stltpui  |3 (RuTPU)RU\TPU\pers\1101 
610 1 |a русская литература 
610 1 |a художественная литература 
610 1 |a стихотворения 
610 1 |a баллады 
610 1 |a повести 
675 |a Р1  |v 3 
700 1 |a Жуковский  |b В. А.  |c русский поэт  |c академик Петербургской АН  |f 1783-1852  |g Василий Андреевич  |2 stltpush  |3 (RuTPU)RU\TPU\pers\1101  |9 499 
801 1 |a RU  |b 63413507  |c 20041228  |g PSBO 
801 2 |a RU  |b 63413507  |c 20180115  |g PSBO 
942 |c BK